Biện pháp tăng cường quản lý của bí thư đoàn TNCS Hồ Chí Minh trong công tác giáo dục đạo đức cho học sinh THPT ở thành phố Đà Nẵng

Cơ sở lí luận về quản lý công tác GDĐĐ cho học sinh trường THPT. Thực trạng công tác quản lý GDĐĐ cho học sinh của tổ chức Đoàn TNCS Hồ Chí Minh ở các trường THPT thành phố Đà Nẵng. Biện pháp quản ls nhằm tăng cường công tác GDĐĐ cho học sinh của bí thư Đoàn TNCS Hồ Chí Minh ở các trường THPT, thành...

Descrición completa

Gardado en:
Detalles Bibliográficos
Autor Principal: Lê Thị Mộng H
Outros autores: Phan Minh Tiến TS (Hướng dẫn)
Formato: Libro
Idioma:Vietnamese
Publicado: Đà Nẵng Đại học Đà Nẵng 2007
Những chủ đề:
Các nhãn: Engadir etiqueta
Sen Etiquetas, Sexa o primeiro en etiquetar este rexistro!
Thư viện lưu trữ: Mạng thư viện Đại học Đà Nẵng
LEADER 01874nam a2200349 4500
001 000010713
003 6926
005 20111219151241.0
008 111219s2007 viesd
041 |a vie 
072 |a Luận văn Thạc sĩ Khoa học Giáo dục 
082 |a 370.114  |b LE-H 
100 |a Lê Thị Mộng Hà 
245 |a Biện pháp tăng cường quản lý của bí thư đoàn TNCS Hồ Chí Minh trong công tác giáo dục đạo đức cho học sinh THPT ở thành phố Đà Nẵng  |c Lê Thị Mộng Hà; Phan Minh Tiến hướng dẫn. 
260 |a Đà Nẵng  |b Đại học Đà Nẵng  |c 2007 
300 |a 121tr.  |c 29 cm 
500 |a Luận văn Thạc sĩ Khoa học Giáo dục. Chuyên ngành: Quản lý Giáo dục. Mã số: 60.14.05 
520 |a Cơ sở lí luận về quản lý công tác GDĐĐ cho học sinh trường THPT. Thực trạng công tác quản lý GDĐĐ cho học sinh của tổ chức Đoàn TNCS Hồ Chí Minh ở các trường THPT thành phố Đà Nẵng. Biện pháp quản ls nhằm tăng cường công tác GDĐĐ cho học sinh của bí thư Đoàn TNCS Hồ Chí Minh ở các trường THPT, thành phố Đà Nẵng 
653 |a Quản lý Giáo dục 
653 |a Luận văn Thạc sĩ Khoa học Giáo dục 
653 |a Giáo dục đạo đức 
700 |a Phan Minh Tiến  |c TS  |e Hướng dẫn 
OWN |a LSP 
AVA |a UDN50  |b LSP  |d 370.114 LE-H  |e available  |t Error 5001 Not defined in file expand_doc_bib_avail.  |f 1  |g 0  |h N  |i 0  |k 1 
999 |a From the UDN01 
AVA |a UDN50  |b LSP  |d 370.114 LE-H  |e available  |t Error 5001 Not defined in file expand_doc_bib_avail.  |f 1  |g 0  |h N  |i 0  |k 1 
TYP |a Monograph 
TYP |a Printed language 
980 |a Mạng thư viện Đại học Đà Nẵng